01231cam a2200385 i 450000100060000000300090000600500170001500800390003201500170007102000150008804000280010304600090013108000110014008000100015108000110016108000120017210000440018424500830022826000600031130000350037133600270040633700540043333800280048738000160051538800140053138800140054550400280055965000260058765000140061365000210062765000230064865800300067171000460070185600980074733283KOSZ 00520221230132159.0980702s1995 pl a f |000 0 pol aPB 1996/1054 a8320810094 aWA NcWA NdKOSZ 005/HR k1995 a338.23 a658.2 a339.13 a658.5661 aWojciechowski, Tadeuszd(1925- )eAutor10aMarketing i logistyka na rynku środków produkcji /cTadeusz Wojciechowski. aWarszawa :bPaństwowe Wydawnictwo Ekonomiczne,c1995. a241, [3] s. :bwykr. ;c21 cm. 2rdacontentaTekstbtxt 2rdamediaaBez urządzenia pośredniczącegobn 2rdacarrieraWoluminbnc aKsiążki a1901-2000 a1989-2000 aBibliogr. s. 239-[242]. 4aLogistyka gospodarcza 4aMarketing 4aObrót towarowy 4aŚrodki produkcji aZarządzanie i marketing2 aPaństwowe Wydawnictwo Ekonomiczne4pbl. uhttp://koha.tu.koszalin.pl/cgi-bin/koha/opac-detail.pl?biblionumber=33283yKatalog online BPK